000 00559nam a22001937a 4500
005 20250805121403.0
010 _aENG-146323
020 _a9789357317153
_c399.00
035 _aEN-129855
037 _bDBAD
082 _a370.1
_21
100 _aChakravarty, Shamik
_983745
245 _aPhilosophy/
_cShamik Chakravarty
250 _a1
260 _aGurugram
_bHachette India
_c2025
270 _bGurugram
_a4th & 5th floor , corporate centre, plot no-94,sector-44
_e122003
300 _a215p.
_b20cm(pb)
942 _2ddc
_cEN
_h370.1
_mCHA
999 _c212879
_d212879